| 000 | 02378nam0a2200409 4500 | ||
|---|---|---|---|
| 001 | RU\NLR\bibl\1827397 | ||
| 005 | 20260409074003.0 | ||
| 010 |
_a978-5-288-05148-7 _9150 |
||
| 021 |
_aRU _b2011-76795 _95466 |
||
| 035 | _a(NLR Aleph) 001817917 | ||
| 090 |
_a1964492 _c1964492 |
||
| 100 | _a20111031d2010 |||y0rusy50 ca | ||
| 101 | 0 |
_arus _aeng |
|
| 102 | _aRU | ||
| 105 | _ay ||||||||| | ||
| 200 | 1 |
_aИдеалы. Ценности. Нормы _eVI Международная научная конференция по востоковедению (Торчиновские чтения), 3-6 февраля 2010 г. _f[Шестые Торчиновские чтения _gсост. и отв. ред.: С.В. Пахомов] |
|
| 210 |
_aСанкт-Петербург _cФилософский факультет Санкт-Петербургского государственного университета _d2010 |
||
| 215 |
_a520 с. _d20 |
||
| 300 | _aВ надзаг.: С.-Петерб. гос. ун-т , Ин-т восточ. рукописей РАН (С.-Петербург), Филос. фак., Каф. философии и культурологии востока | ||
| 300 | _aТекст на рус. и англ. яз. | ||
| 320 | _aБиблиогр. в конце докл. | ||
| 606 |
_aФилософия восточная _jСъезды, совещания и т.п. _xИстория _92106532 _3RU\NLR\auth\661273461 |
||
| 606 | 1 |
_aВостоковедение _jСъезды, совещания и т.п. _91001606 _3RU\NLR\auth\6662213 |
|
| 606 | 1 |
_aРелигия _jСъезды, совещания и т.п. _yАзия _91509463 _3RU\NLR\auth\66957062 |
|
| 686 | _aТ3(5)я431 | ||
| 686 | _aЭ239(5)я431 | ||
| 686 | _aЮ3(5)я431 | ||
| 702 | 1 |
_aТорчинов _bЕ. А. _f1956-2003 _gЕвгений Алексеевич _4570 |
|
| 702 | 1 |
_aПахомов _bС. В. _gСергей Владимирович _4220 |
|
| 711 | 1 | 2 |
_aТорчиновские чтения _d6 _eСанкт-Петербург _f2010 _9283561 _3RU\NLR\AUTH\8810197268 |
| 712 | 0 | 2 |
_4570 _aСанкт-Петербургский государственный университет _9585805 _3RU\NLR\AUTH\8810043151 |
| 801 | 0 |
_aRU _bNLR _c20111031 _gRCR |
|
| 801 | 1 |
_aRU _bNLR _c20111031 |
|
| 942 | _cBOOK | ||
| 980 | _aNB | ||